[Event "IND-chB 45th"]
[Site "Dindigul"]
[Date "2007.06.18"]
[Round "11"]
[White "Shankar, Roy"]
[Black "Mohota, Nisha"]
[Result "1-0"]
[WhiteElo "2344"]
[BlackElo "2311"]
[PlyCount "67"]
[EventDate "2007.06.11"]
[EventType "swiss"]
[EventRounds "12"]
[EventCountry "IND"]
[SourceTitle "CBM 119 Extra"]
[Source "ChessBase"]
[SourceDate "2007.09.04"]
[SourceVersion "1"]
[SourceVersionDate "2007.09.04"]
[SourceQuality "1"]

1. d4 d5 2. Nf3 Nf6 3. e3 e6 4. Bd3 Nbd7 5. b3 c5 6. Bb2 Be7 7. Nbd2 b6 8. 0-0 Bb7 9. c4 0-0 10. cxd5 Nxd5 11. Rc1 cxd4 12. Nxd4 N7f6 13. Qe2 Rc8 14. Nc4 Nb4 15. Bb1 Qd5 16. f3 Qh5 17. Qf2 b5 18. Na5 Bd6 19. g3 Ba8 20. a3 Nfd5 21. axb4 Qg5 22. f4 Qh5 23. Nac6 Nf6 24. e4 Rfe8 25. e5 Ng4 26. Qe2 Bf8 27. Be4 Qh3 28. Bf3 h5 29. Rfe1 f6 30. Qg2 Qxg2+ 31. Bxg2 fxe5 32. fxe5 g6 33. h3 Bh6 34. Ne7+ 1-0

[Event "Calicut op"]
[Site "Calicut"]
[Date "2007.03.01"]
[Round "5"]
[White "Shankar, Roy"]
[Black "Venkatesh, Marani Rajendran"]
[Result "1/2-1/2"]
[WhiteElo "2336"]
[BlackElo "2486"]
[PlyCount "31"]
[EventDate "2007.02.25"]
[EventType "swiss"]
[EventRounds "10"]
[EventCountry "IND"]
[SourceTitle "CBM 117 Extra"]
[Source "ChessBase"]
[SourceDate "2007.05.09"]
[SourceVersion "1"]
[SourceVersionDate "2007.05.09"]
[SourceQuality "1"]

1. c4 c5 2. Nc3 Nc6 3. Nf3 g6 4. e3 d6 5. h3 Bg7 6. d4 cxd4 7. exd4 h5 8. d5 Ne5 9. Nd4 Nh6 10. Be2 Nf5 11. Nxf5 Bxf5 12. f4 Nd7 13. Be3 Nc5 14. Rc1 Ne4 15. Nxe4 Bxe4 16. Bd4 1/2-1/2

[Event "Calicut op"]
[Site "Calicut"]
[Date "2007.02.25"]
[Round "1"]
[White "Shankar, Roy"]
[Black "Kasparov, Sergey"]
[Result "1/2-1/2"]
[WhiteElo "2336"]
[BlackElo "2546"]
[PlyCount "79"]
[EventDate "2007.02.25"]
[EventType "swiss"]
[EventRounds "10"]
[EventCountry "IND"]
[SourceTitle "CBM 117 Extra"]
[Source "ChessBase"]
[SourceDate "2007.05.09"]
[SourceVersion "1"]
[SourceVersionDate "2007.05.09"]
[SourceQuality "1"]

1. e4 c6 2. d4 d5 3. Nd2 dxe4 4. Nxe4 Bf5 5. Ng3 Bg6 6. Nh3 e6 7. Nf4 Qh4 8. Be3 Nd7 9. Qd2 Be7 10. 0-0-0 Nh6 11. h3 Nb6 12. Qa5 Bd6 13. Ngh5 Nf5 14. g4 Bxh5 15. Nxh5 Nxe3 16. fxe3 0-0 17. Bd3 g6 18. Nf4 Qf2 19. Qe1 Qxe1 20. Rdxe1 Rfe8 21. Ne2 Rad8 22. Rhf1 c5 23. c3 e5 24. Bc2 Re7 25. dxc5 Bxc5 26. Ng3 Nc4 27. Rf3 Nd6 28. Ne4 Nxe4 29. Bxe4 a5 30. c4 Rc7 31. Kb1 Rd6 32. Ref1 Kg7 33. Bd5 f6 34. a4 Rb6 35. Ka2 e4 36. Bxe4 Re7 37. Bd5 Rxe3 38. Rxe3 Bxe3 39. Re1 Bc5 40. Re8 1/2-1/2

[Event "Goodricke op 12th"]
[Site "Kolkata"]
[Date "2001.02.14"]
[Round "9"]
[White "Shankar, Roy"]
[Black "Ryjanova, Julia"]
[Result "1-0"]
[WhiteElo "2323"]
[BlackElo "2393"]
[PlyCount "145"]
[EventDate "2001.02.06"]
[EventType "swiss"]
[EventRounds "11"]
[EventCountry "IND"]
[SourceTitle "CBM 082"]
[Source "ChessBase"]
[SourceDate "2001.05.17"]
[SourceVersion "1"]
[SourceVersionDate "2001.05.17"]
[SourceQuality "1"]

1. e4 c5 2. c3 d5 3. exd5 Qxd5 4. d4 Nc6 5. Nf3 Nf6 6. Be2 cxd4 7. cxd4 e6 8. Nc3 Qd6 9. 0-0 Be7 10. Qb3 0-0 11. Rd1 b6 12. Nb5 Qd8 13. Ne5 Bb7 14. Qg3 Nb4 15. a3 Nbd5 16. Bd3 a6 17. Nc3 Rc8 18. Ne4 Nxe4 19. Bxe4 Qc7 20. Bh6 Bf6 21. Qh3 Bxe5 22. Bf4 f5 23. Bxe5 Qd7 24. Bd3 Ne7 25. Rac1 Rxc1 26. Rxc1 Rc8 27. Qe3 Rxc1+ 28. Qxc1 Nc6 29. Qe3 Qd5 30. Bf1 Kf7 31. Bc7 b5 32. Bb6 Nb8 33. Qg5 Nd7 34. Qh5+ Kf8 35. Ba5 Nf6 36. Bb4+ Kg8 37. Qh4 Kf7 38. Qf4 Qd8 39. Qe5 Ng4 40. Qc5 Nf6 41. Qa7 Qc8 42. Bc5 Qc6 43. Bb4 Nd5 44. Bd2 Nb6 45. Qb8 Nd7 46. Qd8 h6 47. Bb4 Nf6 48. Bd6 Qd7 49. Qf8+ Kg6 50. Bc5 Ne4 51. b4 Nd2 52. Be2 Nb1 53. Qb8 Kh7 54. Qg3 Nd2 55. Bh5 Ne4 56. Bg6+ Kg8 57. Qb8+ Qc8 58. Qe5 Qc6 59. f3 Nf6 60. Qb8+ Qc8 61. Qd6 Nd5 62. h4 Nf6 63. Qe7 Nh7 64. Bf7+ Kh8 65. Bxe6 Qb8 66. d5 Nf6 67. Bd4 Bxd5 68. Bxd5 Qg3 69. Bxf6 gxf6 70. Qxf6+ Kh7 71. Qxf5+ Kh8 72. Qf6+ Kh7 73. Be4+ 1-0

[Event "IND-chB"]
[Site "Jamshedpur"]
[Date "2000.10.22"]
[Round "12"]
[White "Shankar, Roy"]
[Black "Lahiri, Atanu"]
[Result "0-1"]
[WhiteElo "2326"]
[BlackElo "2385"]
[PlyCount "70"]
[EventDate "2000.10.??"]
[EventType "swiss"]
[EventRounds "13"]
[EventCountry "IND"]
[SourceTitle "EXT 2002"]
[Source "ChessBase"]
[SourceDate "2001.11.25"]
[SourceVersion "1"]
[SourceVersionDate "2001.11.25"]
[SourceQuality "1"]

1. d4 Nf6 2. c4 e6 3. Nc3 Bb4 4. e3 0-0 5. Nf3 d5 6. Bd3 c5 7. 0-0 Nc6 8. a3 Bxc3 9. bxc3 Qc7 10. Qc2 Na5 11. Ne5 b6 12. cxd5 c4 13. Be2 exd5 14. f3 Nc6 15. Nxc6 Qxc6 16. e4 dxe4 17. Bg5 exf3 18. Bxf3 Nd5 19. Rae1 Be6 20. Be4 h6 21. Bc1 Rad8 22. Qf2 Qd6 23. Bd2 Bd7 24. Qf3 Bc8 25. Bc2 Qxa3 26. Re5 Qd6 27. Be4 Ne7 28. Bf4 Ng6 29. Qh5 Nxf4 30. Rxf4 Qa3 31. Rf3 Qc1+ 32. Rf1 Qxc3 33. Kh1 Qxd4 34. Re7 Be6 35. Bc2 Qd2 0-1

[Event "IND-chB"]
[Site "Jamshedpur"]
[Date "2000.10.20"]
[Round "10"]
[White "Shankar, Roy"]
[Black "Beenish, Bhatia"]
[Result "1-0"]
[WhiteElo "2326"]
[BlackElo "2185"]
[PlyCount "73"]
[EventDate "2000.10.??"]
[EventType "swiss"]
[EventRounds "13"]
[EventCountry "IND"]
[SourceTitle "EXT 2002"]
[Source "ChessBase"]
[SourceDate "2001.11.25"]
[SourceVersion "1"]
[SourceVersionDate "2001.11.25"]
[SourceQuality "1"]

1. e4 c5 2. Nf3 d6 3. d4 cxd4 4. Nxd4 Nf6 5. Nc3 g6 6. Bc4 Bg7 7. f3 Nc6 8. Be3 0-0 9. Qd2 Bd7 10. 0-0-0 Ne5 11. Bb3 Rc8 12. h4 h5 13. Bg5 Rc5 14. g4 hxg4 15. f4 Nc4 16. Qd3 Qc8 17. h5 e5 18. h6 Bh8 19. h7+ Nxh7 20. Rxh7 Kxh7 21. Rh1+ Kg7 22. Qg3 f6 23. Bh6+ Kg8 24. Qh4 Rf7 25. Bxc4 Rxc4 26. Bf8 Bg7 27. Bxd6 Rf8 28. Nd5 exd4 29. Ne7+ Kf7 30. Nxc8 Rfxc8 31. Rh2 d3 32. c3 Rxe4 33. Qg3 Bf5 34. Kd2 Rce8 35. Qxd3 R8e6 36. Qc4 Bf8 37. Qc7+ 1-0

[Event "Goodricke op 11th"]
[Site "Kolkata"]
[Date "2000.02.15"]
[Round "10"]
[White "Shankar, Roy"]
[Black "Qin, Kanying"]
[Result "1/2-1/2"]
[WhiteElo "2338"]
[BlackElo "2475"]
[PlyCount "296"]
[EventDate "2000.02.05"]
[EventType "swiss"]
[EventRounds "11"]
[EventCountry "IND"]
[SourceTitle "CBM 074 Extra"]
[Source "ChessBase"]
[SourceDate "2000.03.10"]
[SourceVersion "2"]
[SourceVersionDate "2000.03.10"]
[SourceQuality "1"]

1. e4 e5 2. Nf3 Nc6 3. d4 exd4 4. Nxd4 Bc5 5. Be3 Qf6 6. c3 Nge7 7. Bc4 Ne5 8. Be2 Qg6 9. 0-0 d6 10. f3 0-0 11. Kh1 d5 12. Nf5 Nxf5 13. Bxc5 dxe4 14. fxe4 Nh4 15. Rf2 Ng4 16. Bxg4 Bxg4 17. Qf1 Rfe8 18. Nd2 Rad8 19. Re1 Qh5 20. Be3 Re7 21. Bf4 Ng6 22. Bg3 Red7 23. Nf3 Bxf3 24. Rxf3 Qc5 25. h3 Qc6 26. b3 a5 27. c4 a4 28. Rf5 h6 29. Rd5 Ne7 30. Bh4 Qe6 31. Red1 c6 32. Rxd7 Rxd7 33. Rxd7 Qxd7 34. Bxe7 Qxe7 35. Qf5 a3 36. e5 g6 37. Qf4 Kg7 38. Qd4 Kf8 39. c5 Qg5 40. Kh2 Qf5 41. Qe3 g5 42. b4 h5 43. Qxa3 Qxe5+ 44. Qg3 Qxg3+ 45. Kxg3 Ke7 46. Kf3 Ke6 47. Ke4 f5+ 48. Kd4 h4 49. a4 g4 50. b5 cxb5 51. axb5 g3 52. b6 Kd7 53. Ke5 Kc6 54. Kxf5 Kxc5 55. Kg4 Kxb6 56. Kxh4 Ka5 57. Kxg3 b5 58. h4 b4 59. h5 b3 60. h6 b2 61. h7 b1Q 62. h8Q Qg6+ 63. Kh2 Qd6+ 64. g3 Qd2+ 65. Kh3 Qd7+ 66. g4 Ka4 67. Qa1+ Kb3 68. Qb1+ Ka3 69. Qe4 Ka2 70. Kh4 Qd8+ 71. g5 Qh8+ 72. Kg4 Qc8+ 73. Qf5 Qc4+ 74. Kh5 Qe2+ 75. Kh6 Qh2+ 76. Kg7 Kb2 77. g6 Kc1 78. Qg5+ Kb1 79. Kg8 Qb8+ 80. Kh7 Qh2+ 81. Qh6 Qc2 82. Qf4 Qd3 83. Kh6 Qh3+ 84. Kg5 Qg2+ 85. Kf5 Qd5+ 86. Kg4 Qg2+ 87. Qg3 Qe4+ 88. Kh5 Qh1+ 89. Kg4 Qe4+ 90. Kh3 Qh1+ 91. Qh2 Qf3+ 92. Kh4 Qe4+ 93. Kh5 Qd5+ 94. Kh6 Qe6 95. Qg3 Ka2 96. Qf3 Kb1 97. Kh7 Qe5 98. g7 Qh2+ 99. Kg6 Qd6+ 100. Qf6 Qg3+ 101. Qg5 Qd6+ 102. Kh7 Qd7 103. Kg6 Qe6+ 104. Kh5 Qh3+ 105. Qh4 Qf5+ 106. Kh6 Qe6+ 107. Kh7 Qf5+ 108. Kh8 Qe5 109. Qh1+ Kb2 110. Qg2+ Ka1 111. Qg6 Qh2+ 112. Kg8 Qb8+ 113. Kf7 Qc7+ 114. Ke8 Qc8+ 115. Kf7 Qc7+ 116. Kg8 Qd8+ 117. Kh7 Qh4+ 118. Qh6 Qe4+ 119. Kh8 Qe5 120. Qh1+ Kb2 121. Qf3 Kb1 122. Kh7 Qe7 123. Kg6 Qe8+ 124. Kh7 Qe7 125. Qh1+ Kb2 126. Qh2+ Ka1 127. Kh8 Qf6 128. Qh3 Qe5 129. Qh4 Kb2 130. Kh7 Qf5+ 131. Kh8 Qe5 132. Qh3 Ka1 133. Qf3 Kb2 134. Kh7 Qe7 135. Qf4 Qd7 136. Kg6 Qd3+ 137. Qf5 Qg3+ 138. Kf6 Qd6+ 139. Qe6 Qf4+ 140. Ke7 Qc7+ 141. Qd7 Qe5+ 142. Kf7 Qf4+ 143. Kg6 Qg3+ 144. Kf6 Qf4+ 145. Qf5 Qd6+ 146. Kf7 Qc7+ 147. Kg6 Qg3+ 148. Kf6 Qd6+ 1/2-1/2

[Event "Goodricke op 11th"]
[Site "Kolkata"]
[Date "2000.02.13"]
[Round "8"]
[White "Shankar, Roy"]
[Black "Koneru, Humpy"]
[Result "1-0"]
[WhiteElo "2338"]
[BlackElo "2244"]
[PlyCount "71"]
[EventDate "2000.02.05"]
[EventType "swiss"]
[EventRounds "11"]
[EventCountry "IND"]
[SourceTitle "CBM 074 Extra"]
[Source "ChessBase"]
[SourceDate "2000.03.10"]
[SourceVersion "2"]
[SourceVersionDate "2000.03.10"]
[SourceQuality "1"]

1. e4 d6 2. d4 Nf6 3. Nc3 g6 4. f4 Bg7 5. Nf3 0-0 6. Bd3 Na6 7. a3 c5 8. d5 Nc7 9. 0-0 Rb8 10. a4 b6 11. Bc4 Bg4 12. h3 Bxf3 13. Qxf3 a6 14. Qd3 b5 15. axb5 axb5 16. Nxb5 Nxb5 17. Bxb5 Nxe4 18. c3 Nf6 19. Bc4 Kh8 20. Re1 Qd7 21. b3 Rfe8 22. Ra6 Bf8 23. Ra5 Qc7 24. Ra2 Qb6 25. Rae2 e6 26. Qf3 exd5 27. Rxe8 Nxe8 28. Qxd5 Nf6 29. Qxf7 d5 30. Bf1 Bg7 31. Re7 Rg8 32. f5 gxf5 33. Bf4 c4+ 34. Be3 Qxb3 35. Bd4 Qd1 36. Bxf6 1-0

[Event "IND-ch"]
[Site "Nagpur"]
[Date "1999.03.31"]
[Round "9"]
[White "Shankar, Roy"]
[Black "Deshmukh, Anup"]
[Result "1-0"]
[WhiteElo "2394"]
[BlackElo "2430"]
[PlyCount "67"]
[EventDate "1999.03.23"]
[EventType "tourn"]
[EventRounds "17"]
[EventCountry "IND"]
[EventCategory "7"]
[SourceTitle "CBM 069 Extra"]
[Source "ChessBase"]
[SourceDate "1999.05.10"]
[SourceVersion "1"]
[SourceVersionDate "1999.05.10"]
[SourceQuality "1"]

1. e4 c5 2. c3 e5 3. Nf3 Nc6 4. Bc4 h6 5. 0-0 d6 6. d4 Qc7 7. dxe5 dxe5 8. Nbd2 Nf6 9. Re1 a6 10. a4 Be7 11. Nf1 0-0 12. Ng3 Na5 13. Ba2 c4 14. Nh4 Rd8 15. Qe2 Bg4 16. Qc2 Nd7 17. Nhf5 Nc5 18. Bxh6 Bxf5 19. Nxf5 gxh6 20. Nxh6+ Kf8 21. Qe2 Qb6 22. Nf5 Nd3 23. Qh5 Ke8 24. Re3 Bf8 25. Qh8 Qc5 26. Rd1 Nf4 27. Ng7+ Ke7 28. Qh4+ f6 29. Nf5+ Ke6 30. Ree1 Rd3 31. Qg4 Kf7 32. g3 Rxd1 33. Rxd1 Ng6 34. Qh5 1-0

[Event "IND-ch"]
[Site "Nagpur"]
[Date "1999.03.28"]
[Round "6"]
[White "Kunte, Abhijit"]
[Black "Shankar, Roy"]
[Result "1-0"]
[WhiteElo "2455"]
[BlackElo "2394"]
[PlyCount "129"]
[EventDate "1999.03.23"]
[EventType "tourn"]
[EventRounds "17"]
[EventCountry "IND"]
[EventCategory "7"]
[SourceTitle "CBM 069 Extra"]
[Source "ChessBase"]
[SourceDate "1999.05.10"]
[SourceVersion "1"]
[SourceVersionDate "1999.05.10"]
[SourceQuality "1"]

1. e4 c6 2. d4 d5 3. exd5 cxd5 4. c4 Nf6 5. Nc3 e6 6. Nf3 Bb4 7. cxd5 Nxd5 8. Qc2 Nc6 9. Bd3 Be7 10. a3 h6 11. 0-0 0-0 12. Qe2 Nf6 13. Rd1 b6 14. Ne4 Nd5 15. Ng3 Nf6 16. Ne4 Nd5 17. Bc2 Bb7 18. Qd3 f5 19. Ng3 Bd6 20. Bb3 Bc7 21. Re1 Qd6 22. Bd2 Rae8 23. Rac1 a6 24. Ne2 g5 25. Nc3 Nce7 26. Ne5 Rf6 27. Qh3 Bb8 28. Qh5 Ref8 29. h4 Nf4 30. Bxf4 gxf4 31. Ne2 Kh7 32. Nxf4 Qxd4 33. Nxe6 Rxe6 34. Bxe6 Bxe5 35. Rcd1 Qf4 36. g3 Qf3 37. Qxf3 Bxf3 38. Rd7 Bf6 39. Bxf5+ Kh8 40. Be4 Bg4 41. Rd6 Kg7 42. Kg2 Bxb2 43. f3 Bc8 44. Rxb6 Bxa3 45. Bb7 a5 46. Re5 Rf6 47. Rxf6 Kxf6 48. Rxa5 Bxb7 49. Rxa3 Nf5 50. Ra7 Bd5 51. Kf2 h5 52. Rh7 Bf7 53. Rh8 Kg7 54. Ra8 Kf6 55. Ra6+ Be6 56. Ra1 Bd5 57. Rd1 Bb7 58. Rd8 Bc6 59. Rh8 Kg6 60. g4 Nxh4 61. f4 Ng2 62. f5+ Kg5 63. Rxh5+ Kxg4 64. f6 Be8 65. Re5 1-0

[Event "IND-ch"]
[Site "Nagpur"]
[Date "1999.03.23"]
[Round "1"]
[White "Shankar, Roy"]
[Black "Sasikiran, Krishnan"]
[Result "0-1"]
[WhiteElo "2394"]
[BlackElo "2525"]
[PlyCount "66"]
[EventDate "1999.03.23"]
[EventType "tourn"]
[EventRounds "17"]
[EventCountry "IND"]
[EventCategory "7"]
[SourceTitle "CBM 069 Extra"]
[Source "ChessBase"]
[SourceDate "1999.05.10"]
[SourceVersion "1"]
[SourceVersionDate "1999.05.10"]
[SourceQuality "1"]

1. e4 c6 2. d4 d5 3. exd5 cxd5 4. c4 Nf6 5. Nc3 e6 6. Nf3 Bb4 7. Bg5 Qa5 8. Bd2 Ne4 9. Nxe4 dxe4 10. a3 Bxd2+ 11. Qxd2 Nc6 12. Qxa5 Nxa5 13. Nd2 f5 14. b4 Nc6 15. Nb3 a5 16. b5 a4 17. bxc6 axb3 18. cxb7 Bxb7 19. Kd2 b2 20. Rb1 Rxa3 21. Rxb2 Bc8 22. Be2 Ke7 23. Rd1 Rd8 24. Ke1 Bd7 25. Rbd2 Ba4 26. Rb1 Kf6 27. d5 exd5 28. cxd5 Ke5 29. Bc4 Rc3 30. Ba2 f4 31. Rb4 Rc1+ 32. Ke2 Bc2 33. Bc4 Rf8 0-1

[Event "Goodricke op 10th"]
[Site "Kolkata"]
[Date "1999.02.13"]
[Round "8"]
[White "Shankar, Roy"]
[Black "Sorokin, Maxim"]
[Result "0-1"]
[WhiteElo "2390"]
[BlackElo "2550"]
[PlyCount "114"]
[EventDate "1999.02.06"]
[EventType "swiss"]
[EventRounds "11"]
[EventCountry "IND"]
[SourceTitle "CBM 069 Extra"]
[Source "ChessBase"]
[SourceDate "1999.05.10"]
[SourceVersion "1"]
[SourceVersionDate "1999.05.10"]
[SourceQuality "1"]

1. e4 e5 2. Nf3 Nc6 3. d4 exd4 4. Nxd4 Nf6 5. Nxc6 bxc6 6. e5 Qe7 7. Qe2 Nd5 8. c4 Nb6 9. Nd2 d5 10. exd6 cxd6 11. b3 Bg4 12. Qxe7+ Bxe7 13. Bb2 0-0 14. Bd3 d5 15. h3 Bh5 16. cxd5 Bb4 17. g4 Bg6 18. Bxg6 fxg6 19. 0-0-0 Nxd5 20. Nc4 Rxf2 21. Rd3 Re8 22. a3 Bc5 23. Rd2 Ree2 24. Rxe2 Rxe2 25. Rd1 h5 26. Na5 Bb6 27. Nc4 h4 28. Rd3 Bc7 29. b4 a6 30. Kd1 Re7 31. Bc1 Bf4 32. Bxf4 Nxf4 33. Re3 Nd5 34. Rf3 g5 35. Kd2 Nf4 36. Re3 Kf7 37. Na5 Rd7+ 38. Kc2 Rc7 39. Rc3 Ke6 40. Nb3 Kd5 41. Rc5+ Ke4 42. Nd2+ Ke3 43. Rc3+ Ke2 44. Ne4 Re7 45. Nxg5 Re3 46. Rxc6 Rxa3 47. Kb2 Rg3 48. Rc2+ Kf1 49. Rc1+ Kg2 50. Rc2+ Kg1 51. Rc6 Kh2 52. Rc7 Nxh3 53. Rc2+ Kg1 54. Rc1+ Kg2 55. Rc2+ Nf2 56. Ne4 Rf3 57. Ng5 Rf4 0-1

[Event "Goodricke op 10th"]
[Site "Kolkata"]
[Date "1999.02.08"]
[Round "3"]
[White "Shankar, Roy"]
[Black "Suvrajit, Saha"]
[Result "1-0"]
[WhiteElo "2390"]
[BlackElo "2335"]
[PlyCount "149"]
[EventDate "1999.02.06"]
[EventType "swiss"]
[EventRounds "11"]
[EventCountry "IND"]
[SourceTitle "CBM 069 Extra"]
[Source "ChessBase"]
[SourceDate "1999.05.10"]
[SourceVersion "1"]
[SourceVersionDate "1999.05.10"]
[SourceQuality "1"]

1. Nf3 d5 2. c4 c6 3. d4 e6 4. e3 Bd6 5. Nc3 f5 6. Ne5 Nf6 7. Be2 Nbd7 8. f4 0-0 9. 0-0 Ne4 10. Nxe4 fxe4 11. Bd2 Nxe5 12. fxe5 Rxf1+ 13. Qxf1 Be7 14. Qf4 Bd7 15. Rf1 Qf8 16. Qg4 Qd8 17. Qh3 Kh8 18. Bh5 dxc4 19. Bg6 Qg8 20. Bxe4 Rf8 21. Rc1 b5 22. b3 Ba3 23. Rc2 cxb3 24. axb3 g5 25. Ra2 b4 26. Be1 Be8 27. Qh6 Qg7 28. Qxe6 Bf7 29. Qxc6 Bxb3 30. Rf2 Rxf2 31. Bxf2 Qe7 32. Bg3 Bf7 33. d5 b3 34. e6 Be8 35. Qc3+ Kg8 36. Qxb3 Bd6 37. Bxd6 Qxd6 38. Qb7 Qe5 39. Qxh7+ Kf8 40. Kf2 a5 41. Bf5 a4 42. d6 Qxd6 43. Qh6+ Ke7 44. Qxg5+ Kf8 45. Qh6+ Ke7 46. Qg7+ Kd8 47. Qf6+ Kc7 48. Qc3+ Bc6 49. Bg4 Qd5 50. Bf3 Qxe6 51. Ke1 a3 52. Qxa3 Bxf3 53. gxf3 Qc4 54. Qb2 Qh4+ 55. Qf2 Qb4+ 56. Kf1 Qb1+ 57. Kg2 Kd7 58. e4 Qa1 59. h4 Ke8 60. Qg3 Qa2+ 61. Kh3 Qe6+ 62. Qg4 Qc4 63. h5 Qf1+ 64. Kh4 Qe1+ 65. Kg5 Qe3+ 66. Qf4 Qc5+ 67. e5 Qg1+ 68. Kh6 Qb6+ 69. Qf6 Qe3+ 70. f4 Qf3 71. Qf5 Qc3 72. e6 Qh8+ 73. Kg5 Ke7 74. Qf7+ Kd6 75. e7 1-0

[Event "Kolkata Millenium op"]
[Site "Kolkata"]
[Date "1999.??.??"]
[Round "?"]
[White "Rahman, Ziaur"]
[Black "Shankar, Roy"]
[Result "1/2-1/2"]
[WhiteElo "2460"]
[BlackElo "2360"]
[PlyCount "110"]
[EventDate "1999.??.??"]
[EventType "swiss"]
[EventRounds "9"]
[EventCountry "IND"]
[SourceTitle "EXT 2003"]
[Source "ChessBase"]
[SourceDate "2002.11.25"]
[SourceVersion "1"]
[SourceVersionDate "2002.11.25"]
[SourceQuality "1"]

1. c4 c6 2. Nf3 Nf6 3. d4 d5 4. e3 e6 5. Nc3 Bd6 6. Bd3 Nbd7 7. 0-0 0-0 8. e4 dxc4 9. Bxc4 e5 10. Bg5 Qe7 11. Re1 Rd8 12. Qc1 Bc7 13. Bb3 Re8 14. Nd5 cxd5 15. Qxc7 dxe4 16. Rxe4 h6 17. Bxf6 Nxf6 18. Qxe7 Rxe7 19. Rxe5 Rc7 20. h3 b6 21. Rae1 Kf8 22. R5e3 Bb7 23. Ne5 Bd5 24. Rc3 Re7 25. Rec1 Bxb3 26. Rxb3 Nd5 27. g3 Ke8 28. a4 f6 29. Nc4 Rd8 30. a5 bxa5 31. Nxa5 Rd6 32. Rc8+ Kf7 33. Nc4 Rdd7 34. Kg2 Re6 35. Rc5 Re4 36. Ne3 Rxd4 37. Nxd5 R7xd5 38. Rxd5 Rxd5 39. Rb7+ Kg6 40. Rxa7 Rb5 41. Ra2 Rb3 42. Kf1 Kf5 43. Ke2 h5 44. Kd1 h4 45. gxh4 Rxh3 46. h5 Kg5 47. b4 Rb3 48. Ra5+ f5 49. Rb5 Rb2 50. f3 Rf2 51. Rb7 Kxh5 52. Rxg7 Rxf3 53. Kc2 f4 54. b5 Rg3 55. Rf7 Rg5 1/2-1/2

[Event "Budapest FS08 GM"]
[Site "Budapest"]
[Date "1998.08.07"]
[Round "7"]
[White "Shankar, Roy"]
[Black "Lukacs, Peter"]
[Result "0-1"]
[WhiteElo "2370"]
[BlackElo "2475"]
[PlyCount "68"]
[EventDate "1998.08.01"]
[EventType "tourn"]
[EventRounds "13"]
[EventCountry "HUN"]
[EventCategory "7"]
[SourceTitle "EXT 1999"]
[Source "ChessBase"]
[SourceDate "1998.11.16"]
[SourceVersion "1"]
[SourceVersionDate "1998.11.16"]
[SourceQuality "1"]

1. e4 e5 2. Nf3 Nc6 3. d4 exd4 4. Nxd4 Nf6 5. Nxc6 bxc6 6. e5 Qe7 7. Qe2 Nd5 8. c4 Nb6 9. Nd2 a5 10. a4 g6 11. Ne4 Qe6 12. Bd2 Bg7 13. Bc3 0-0 14. f4 Re8 15. Qd3 d6 16. Be2 Ba6 17. b3 f5 18. Ng5 Qe7 19. 0-0 dxe5 20. Rae1 h6 21. Nh3 e4 22. Qg3 Kh7 23. Rd1 Nd5 24. Bxg7 Qxg7 25. Rd2 Nc3 26. Qe3 Rad8 27. Rxd8 Rxd8 28. Rc1 Nxe2+ 29. Qxe2 Rd3 30. Re1 Qd4+ 31. Nf2 Rd2 32. Qf1 c5 33. h3 e3 34. Nd1 Bb7 0-1

[Event "Budapest FS08 GM"]
[Site "Budapest"]
[Date "1998.08.01"]
[Round "1"]
[White "Hoang, Thanh Trang"]
[Black "Shankar, Roy"]
[Result "1-0"]
[WhiteElo "2350"]
[BlackElo "2400"]
[PlyCount "113"]
[EventDate "1998.08.01"]
[EventType "tourn"]
[EventRounds "13"]
[EventCountry "HUN"]
[EventCategory "7"]
[SourceTitle "EXT 1999"]
[Source "ChessBase"]
[SourceDate "1998.11.16"]
[SourceVersion "1"]
[SourceVersionDate "1998.11.16"]
[SourceQuality "1"]

1. d4 Nf6 2. c4 e6 3. Nc3 Bb4 4. Qc2 c5 5. dxc5 Na6 6. a3 Bxc3+ 7. Qxc3 Nxc5 8. b4 Nce4 9. Qc2 h6 10. f3 Ng5 11. e3 d5 12. c5 e5 13. Bb2 d4 14. Bb5+ Bd7 15. Bxd7+ Qxd7 16. exd4 exd4 17. Rd1 0-0 18. Ne2 a5 19. 0-0 axb4 20. axb4 Nd5 21. Bxd4 Nxb4 22. Qc4 Qa4 23. Ra1 Na2 24. Qxa4 Rxa4 25. Rfb1 Re8 26. Rb2 Nc3 27. Rxa4 Nxa4 28. Ra2 Rxe2 29. Rxe2 Ne6 30. Bf2 Nexc5 31. Bxc5 Nxc5 32. Rb2 g6 33. Rb5 Ne6 34. Rxb7 Kg7 35. Kf2 Nf4 36. g3 Ne6 37. Ke3 Kf6 38. Ra7 h5 39. h4 Ng7 40. Kf4 Ne6+ 41. Ke4 Nc5+ 42. Kd5 Ne6 43. Rb7 Ng7 44. Rb6+ Ne6 45. Rc6 Kf5 46. Rc4 Kf6 47. Kd6 Ng7 48. g4 g5 49. hxg5+ Kxg5 50. Ke7 f5 51. gxf5 Nxf5+ 52. Ke6 Ne3 53. Ra4 h4 54. f4+ Kh5 55. f5 Ng4 56. Ra8 Kg5 57. Rh8 1-0

[Event "IND-ch"]
[Site "Muzaffapur"]
[Date "1998.??.??"]
[Round "?"]
[White "Murugan, Krishnamoorthy"]
[Black "Shankar, Roy"]
[Result "1-0"]
[WhiteElo "2410"]
[BlackElo "2400"]
[PlyCount "61"]
[EventDate "1998.??.??"]
[EventType "tourn"]
[EventRounds "17"]
[EventCountry "IND"]
[EventCategory "6"]
[SourceTitle "EXT 2002"]
[Source "ChessBase"]
[SourceDate "2001.11.25"]
[SourceVersion "1"]
[SourceVersionDate "2001.11.25"]
[SourceQuality "1"]

1. d4 Nf6 2. c4 e6 3. g3 d5 4. Nf3 b6 5. Bg2 Ba6 6. Ne5 c6 7. Nc3 Nfd7 8. cxd5 exd5 9. Nd3 Nf6 10. 0-0 Be7 11. Bg5 0-0 12. Rc1 Nbd7 13. Bxf6 Bxf6 14. e3 Re8 15. Re1 Nf8 16. b4 Bc4 17. Nb2 b5 18. Nxc4 bxc4 19. Qa4 Qd6 20. b5 Ne6 21. bxc6 Nc7 22. Rb1 g6 23. Rec1 Rab8 24. Rb7 a6 25. Rxc7 Qxc7 26. Nxd5 Qd6 27. c7 Rb5 28. Qxc4 Rc8 29. Nxf6+ Qxf6 30. Bh3 Rb2 31. Rf1 1-0

[Event "IND-ch"]
[Site "Muzaffapur"]
[Date "1998.??.??"]
[Round "?"]
[White "Ravi, Lanka"]
[Black "Shankar, Roy"]
[Result "1-0"]
[WhiteElo "2405"]
[BlackElo "2400"]
[PlyCount "123"]
[EventDate "1998.??.??"]
[EventType "tourn"]
[EventRounds "17"]
[EventCountry "IND"]
[EventCategory "6"]
[SourceTitle "EXT 2002"]
[Source "ChessBase"]
[SourceDate "2001.11.25"]
[SourceVersion "1"]
[SourceVersionDate "2001.11.25"]
[SourceQuality "1"]

1. d4 d5 2. Nf3 Nf6 3. c4 c6 4. Nc3 e6 5. e3 Nbd7 6. Bd3 dxc4 7. Bxc4 b5 8. Bd3 a6 9. 0-0 c5 10. a4 b4 11. Ne4 Bb7 12. Ned2 Bd6 13. Qe2 Qb8 14. a5 0-0 15. h3 cxd4 16. exd4 Bf4 17. Nc4 Bxc1 18. Raxc1 Nd5 19. g3 N5f6 20. Nfe5 Ra7 21. Nxd7 Nxd7 22. Be4 Bxe4 23. Qxe4 Qb5 24. Qf4 Raa8 25. Rfd1 Rac8 26. d5 exd5 27. Nd6 Rxc1 28. Rxc1 Qxa5 29. Nf5 Qd8 30. Rc7 g6 31. Nh6+ Kg7 32. Ng4 f6 33. Ra7 Rf7 34. Rxa6 Qe7 35. Qh6+ Kh8 36. Qd2 Rf8 37. Qxd5 Nc5 38. Rxf6 Rd8 39. Qf7 Qxf7 40. Rxf7 Rd7 41. Rxd7 Nxd7 42. Kf1 Nc5 43. Ne5 Kg7 44. Ke2 Kf6 45. Nd3 Na4 46. Ke3 b3 47. f4 h5 48. g4 h4 49. Kd4 Ke7 50. Ke5 Nb6 51. f5 Nc4+ 52. Kf4 gxf5 53. Kxf5 Nd2 54. g5 Kf7 55. Kg4 Ne4 56. Nf4 Nf2+ 57. Kh5 Nd1 58. Nd3 Kg7 59. Kxh4 Kg6 60. Kg4 Ne3+ 61. Kf3 Nd5 62. Nf4+ 1-0